000 00805nam0a22003011 4500
001 v19\rc\1688635
005 20250619022946.0
035 _a(NLR Aleph) 004792992
090 _a4748945
_c4748945
100 _a20061002d1896 |||y0rusy50 ca
101 0 _arus
102 _aRU
105 _ay z |||||
200 1 _aСказка про высокую башню и ее обитателей
210 _aОдесса
_d1896
215 _a45 с.
_d18
300 _aВ конце текста: М.Д. и Д.Д.
701 0 _aМ.Д.
701 0 _aД. Д.
801 0 _aRU
_bNLR
_gpsbo
801 0 _aRU
_bRuMoRGB
_2psbo
801 1 _aRU
_bProSoft-M
_2rusmarc
852 _aNLR
_j20.96.5.55
899 _aRuMoRGB
_jN 50/219
899 _aRuMoRGB
_jS 33/762
899 _aБАН
942 _cBOOK
980 _aNB